| 000 | 01453cam a22003617a 4500 | ||
|---|---|---|---|
| 001 | 14870071 | ||
| 003 | NUST - PNEC | ||
| 005 | 20170116180956.0 | ||
| 008 | 070530s2007 nyua b u001 0 eng d | ||
| 010 | _a 2007276178 | ||
| 015 |
_aGBA705422 _2bnb |
||
| 016 | 7 |
_a013626117 _2Uk |
|
| 020 | _a9780072263770 (hbk.) | ||
| 020 | _a0072263776 (hbk.) | ||
| 040 | _cLIBRARY | ||
| 082 | 0 | 4 | _a621.3821 DAW |
| 100 | 1 | _aDawson, Martin. | |
| 245 | 1 | 0 |
_aIP location _cMartin Dawson, James Winterbottom, Martin Thomson. |
| 260 |
_aNew York, N.Y. : _bMcgraw-Hill, _cc2007. |
||
| 300 |
_axxi, 338 p. : _bill. ; _c24 cm. |
||
| 440 | 0 | _aMcGraw-Hill communications | |
| 504 | _aIncludes bibliographical references and index. | ||
| 650 | 0 |
_aTCP/IP (Computer network protocol) _xMIS |
|
| 650 | 0 | _aGeographical positions. | |
| 700 | 1 | _aWinterbottom, James. | |
| 700 | 1 | _aThomson, Martin. | |
| 856 | 4 | 2 |
_3Contributor biographical information _uhttp://www.loc.gov/catdir/enhancements/fy0814/2007276178-b.html |
| 856 | 4 | 2 |
_3Publisher description _uhttp://www.loc.gov/catdir/enhancements/fy0814/2007276178-d.html |
| 856 | 4 | 1 |
_3Table of contents only _uhttp://www.loc.gov/catdir/enhancements/fy0814/2007276178-t.html |
| 906 |
_a7 _bcbc _ccopycat _d2 _encip _f20 _gy-gencatlg |
||
| 942 |
_2ddc _cBK |
||
| 999 |
_c66548 _d66548 |
||